Cádiz y las generaciones poéticas del 27 y del 36 (Record no. 79179)

MARC details
000 -LEADER
campo de control de longitud fija 00518nam a2200145 i 4500
001 - NÚMERO DE CONTROL
campo de control 79179
003 - IDENTIFICADOR DE NÚMERO DE CONTROL
campo de control ES-MaACL
007 - CAMPO FIJO DE DESCRIPCIÓN FÍSICA--INFORMACIÓN GENERAL
campo de control de longitud fija t|
008 - DATOS DE LONGITUD FIJA--INFORMACIÓN GENERAL
campo de control de longitud fija 041020s1983 sp ||||1| spa d
100 1# - ENTRADA PRINCIPAL--NOMBRE DE PERSONA
Nombre de persona Hernández Guerrero, José Antonio.
9 (RLIN) 62956
245 10 - MENCIÓN DEL TÍTULO
Título Cádiz y las generaciones poéticas del 27 y del 36
Resto del título : la revista "Isla" /
Mención de responsabilidad, etc. José Antonio Hernández Guerrero.
260 ## - PUBLICACIÓN, DISTRIBUCIÓN, ETC.
Lugar de publicación, distribución, etc. Cádiz :
Nombre del editor, distribuidor, etc. Servicio de Publicaciones de la Universidad de Cádiz,
Fecha de publicación, distribución, etc. [1983]
300 ## - DESCRIPCIÓN FÍSICA
Extensión 377 p. ;
Dimensiones 20 cm.
852 ## - LOCALIZACIÓN
Ubicación ES-MaACL
Número de control de estantería L-5297
Sublocalización o colección R.105768
Holdings
Estatus retirado Estado de pérdida Estado de daño No para préstamo Biblioteca de origen Biblioteca actual Ubicación en estantería Fecha de adquisición Fuente de adquisición Total de préstamos Signatura topográfica completa Código de barras Visto por última vez Precio de reemplazo Tipo de ítem Koha
        Biblioteca del Ateneo de Madrid Biblioteca del Ateneo de Madrid Depósito 2 17/01/2008     L-5297 1082805 23/02/2023 23/02/2023 Libro impreso